000 00725nam a22002417a 4500
999 _c7141
_d7141
003 GBCCL
005 20241126110620.0
008 180711b ||||| |||| 00| 0 eng d
020 _a0830724117
040 _cGBC
082 _a268.432
_bPUL
100 _aWilson, John and Betsy Wilson
_912626
245 _aFollowers of Jesus/
_cJohn and Betsy Wilson
260 _aUSA:
_bGospel Light,
_c2000.
300 _a99 p.;
_bill.,
_c28 cm.
440 _aPulse
_v5
_911293
490 _aGod's Word for a Jr. High World
490 _aDiscipleship Track
650 _aChristian education of teenagers
_910659
650 _aChristian education - curricula
_911109
650 _aSpiritual Life - Christianity
_912627
942 _2ddc
_cBK